[Event "exe Slovakia Open 2025"]
[Site "Bratislava SVK"]
[Date "2025.09.20"]
[Round "8.60"]
[White "Molnar, Sviatoslav"]
[Black "Livnansky, Tomas"]
[Result "0-1"]
[WhiteElo "1740"]
[BlackElo "1874"]
[WhiteFideId "14974185"]
[BlackFideId "14967634"]
[EventDate "2025.09.13"]

1. e4 c5 2. c3 d5 3. exd5 Qxd5 4. d4 Nc6 5. dxc5 Qxc5 6. Be3 Qa5 7. Na3 Nf6 8.
Nf3 e6 9. Nc4 Qc7 10. Nd4 Nxd4 11. Bxd4 Bc5 12. Bxc5 Qxc5 13. Qd6 Ne4 14. Qxc5
Nxc5 15. Nd6+ Ke7 16. Nxc8+ Raxc8 17. f3 Rhd8 18. Be2 Rd6 19. Rd1 Na4 20. Rxd6
Kxd6 21. Kd2 Rc7 22. Kc2 Nb6 23. Rd1+ Nd5 24. Bd3 Ke5 0-1

[Event "exe Slovakia Open 2025"]
[Site "Bratislava SVK"]
[Date "2025.09.20"]
[Round "8.61"]
[White "Malanik, Jakub"]
[Black "Guba, Peter"]
[Result "0-1"]
[WhiteElo "1500"]
[BlackElo "1852"]
[WhiteFideId "14994240"]
[BlackFideId "14970511"]
[EventDate "2025.09.13"]

1. Nf3 e6 2. c4 Nf6 3. Nc3 c6 4. d3 Be7 5. g3 d5 6. cxd5 exd5 7. e3 O-O 8. Bg2
Bg4 9. Qb3 b5 10. Ne5 b4 11. Nxg4 Nxg4 12. Nxd5 cxd5 13. Bxd5 Nd7 14. Bxa8 Qxa8
15. e4 Bc5 16. O-O a5 17. Qd1 Nxf2 18. Rxf2 Qa7 19. Qe2 f5 20. Kg2 Bxf2 21. Qxf2
Qxf2+ 22. Kxf2 fxe4+ 23. Ke3 exd3 24. Kxd3 Rf1 25. b3 Rh1 26. Bb2 Rxh2 27. Bd4
Rg2 28. Kc4 Rxg3 29. Kb5 Rg5+ 30. Kc6 Ne5+ 31. Kd6 Nf7+ 32. Ke7 Rd5 33. Bf6 gxf6
34. Rg1+ Rg5 35. Rf1 Kg7 36. Rd1 h5 0-1

[Event "exe Slovakia Open 2025"]
[Site "Bratislava SVK"]
[Date "2025.09.20"]
[Round "8.62"]
[White "Donauer Daniel"]
[Black "Janovicek, Lukas"]
[Result "1/2-1/2"]
[WhiteElo "1812"]
[BlackElo "1836"]
[WhiteFideId "1365754"]
[BlackFideId "14975831"]
[EventDate "2025.09.13"]

1. e4 e6 2. d4 d5 3. Nc3 Nf6 4. e5 Nfd7 5. f4 c5 6. Nf3 Nc6 7. Be3 Be7 8. dxc5
Nxc5 9. Bb5 a6 10. Bxc6+ bxc6 11. O-O Nd7 12. Ne2 c5 13. c3 Nb6 14. b3 a5 15.
Qe1 Ba6 16. Qf2 Rc8 17. Rfd1 O-O 18. Kh1 Nd7 19. Ng3 Bh4 20. Nxh4 Qxh4 21. Ne4
Qxf2 22. Nxf2 Rb8 23. Rab1 Rb7 24. Nd3 Bxd3 25. Rxd3 c4 26. Rd2 f6 27. Bd4 fxe5
28. fxe5 cxb3 29. axb3 Rfb8 30. Rdb2 Kf7 31. Kg1 Rb5 32. b4 axb4 33. Rxb4 Rxb4
34. Rxb4 Ke8 35. Ra4 Rb7 36. c4 dxc4 37. Rxc4 Rb5 38. Rc8+ Ke7 39. Rc7 Rd5 40.
Bc3 Rb5 41. Ra7 g6 42. Kf2 h6 43. Ke3 Rd5 44. Ke4 g5 45. Bb4+ Ke8 1/2-1/2

[Event "exe Slovakia Open 2025"]
[Site "Bratislava SVK"]
[Date "2025.09.20"]
[Round "8.63"]
[White "Kebis, Milos"]
[Black "Thornley, Oliver"]
[Result "0-1"]
[WhiteElo "1806"]
[BlackElo "1731"]
[WhiteFideId "14901471"]
[BlackFideId "445916"]
[EventDate "2025.09.13"]

1. Nf3 f5 2. g3 Nf6 3. Bg2 d6 4. d4 g6 5. O-O Bg7 6. Re1 O-O 7. Nbd2 Ne4 8. c3
c6 9. Qc2 Nxd2 10. Bxd2 e5 11. Bg5 Qc7 12. dxe5 dxe5 13. Rad1 e4 14. Bf4 Qf7 15.
Ng5 Qf6 16. Rd6 Qe7 17. Red1 h6 18. Qb3+ Kh8 19. Nh3 g5 20. Be3 Nd7 21. Bd4 Nf6
22. Bc5 b6 23. Be3 c5 24. Bc1 Bb7 25. f3 Rad8 26. Rxd8 Rxd8 27. Nf2 Rxd1+ 28.
Qxd1 b5 29. h3 c4 30. f4 e3 31. Nh1 Bxg2 32. Kxg2 Qe4+ 33. Kh2 gxf4 34. Qg1 Nh5
35. g4 Nf6 36. g5 Nh5 37. gxh6 Be5 0-1

[Event "exe Slovakia Open 2025"]
[Site "Bratislava SVK"]
[Date "2025.09.20"]
[Round "8.64"]
[White "Povysil, Peter"]
[Black "Jancura, Andrej"]
[Result "1/2-1/2"]
[WhiteElo "1853"]
[BlackElo "1852"]
[WhiteFideId "14908344"]
[BlackFideId "14923629"]
[EventDate "2025.09.13"]

1. e4 c5 2. Nf3 d6 3. d4 cxd4 4. Nxd4 Nf6 5. Nc3 Nc6 6. Bc4 e6 7. Be3 a6 8. Qe2
Bd7 9. Bb3 Rc8 10. O-O-O Na5 11. g4 Nxb3+ 12. axb3 Rxc3 13. bxc3 Nxe4 14. Kb2 d5
15. Qe1 g6 16. f3 Nd6 17. Ne2 Nb5 18. Bd4 Nxd4 19. cxd4 1/2-1/2

[Event "exe Slovakia Open 2025"]
[Site "Bratislava SVK"]
[Date "2025.09.20"]
[Round "8.65"]
[White "Chmelikova, Julia"]
[Black "Gonda, Jan"]
[Result "0-1"]
[WhiteElo "1590"]
[BlackElo "1703"]
[WhiteFideId "14977753"]
[BlackFideId "14910489"]
[EventDate "2025.09.13"]

1. e4 d5 2. exd5 Qxd5 3. Nc3 Qa5 4. d4 c6 5. Bc4 Bf5 6. Nf3 Bg4 7. Qd3 e6 8. Bd2
Qc7 9. Ne5 Bh5 10. g4 Bg6 11. Nxg6 hxg6 12. h4 Nf6 13. g5 Nd5 14. Nxd5 cxd5 15.
Bb3 Nc6 16. O-O-O O-O-O 17. f4 Bd6 18. Qe3 Ne7 19. Kb1 Nf5 20. Qf2 Kb8 21. Rc1
Rc8 22. c3 Ka8 23. Bc2 Ne7 24. Qf3 Rh5 25. Bd1 Rch8 26. Qf2 R5h7 27. Bg4 a6 28.
Rh3 Qb6 29. Ka1 Nf5 30. Bxf5 gxf5 31. Be1 Qc7 32. Bd2 g6 33. Rf1 b5 34. Be1 Kb7
35. Qd2 Qc4 36. Rhf3 Ra8 37. b3 Qc7 38. Qb2 Kc8 39. Bg3 Kd7 40. Rc1 Qb7 41. Qe2
Rhh8 42. Kb2 Rhc8 43. Kc2 b4 44. Kd1 a5 45. c4 dxc4 46. Rxc4 Qd5 47. Rf1 a4 48.
Be1 axb3 49. axb3 Ra1+ 50. Kd2 Ra2+ 0-1

[Event "exe Slovakia Open 2025"]
[Site "Bratislava SVK"]
[Date "2025.09.21"]
[Round "9.2"]
[White "Shohat, Yotam"]
[Black "Pavlovic, Milos"]
[Result "1/2-1/2"]
[WhiteTitle "IM"]
[BlackTitle "GM"]
[WhiteElo "2382"]
[BlackElo "2409"]
[WhiteFideId "2813955"]
[BlackFideId "900389"]
[EventDate "2025.09.13"]

1. e4 e5 2. Bc4 Nf6 3. d3 c6 4. Nf3 Be7 5. O-O d6 6. Bb3 O-O 7. h3 Nbd7 8. c3 d5
9. Nbd2 dxe4 10. dxe4 Qc7 11. Bc2 b6 12. Qe2 a5 13. Rd1 Rd8 14. Nf1 Ba6 15. Bd3
Bxd3 16. Rxd3 Nc5 17. Rxd8+ Rxd8 18. Ng3 b5 19. Bg5 g6 20. Qc2 Qd6 21. b4 axb4
22. cxb4 Ncd7 23. Be3 1/2-1/2

[Event "exe Slovakia Open 2025"]
[Site "Bratislava SVK"]
[Date "2025.09.21"]
[Round "9.3"]
[White "Koepke, Christian"]
[Black "Pechac, Jergus"]
[Result "0-1"]
[WhiteTitle "IM"]
[BlackTitle "GM"]
[WhiteElo "2331"]
[BlackElo "2544"]
[WhiteFideId "4655737"]
[BlackFideId "14926970"]
[EventDate "2025.09.13"]

1. e4 d6 2. d4 Nf6 3. Nc3 g6 4. Bc4 Bg7 5. Qe2 Nc6 6. e5 Ng4 7. Bb5 O-O 8. Bxc6
bxc6 9. h3 Nh6 10. Bf4 f6 11. Bh2 fxe5 12. dxe5 a5 13. O-O-O Ba6 14. Qe1 Qc8 15.
f4 dxe5 16. fxe5 Nf5 17. Bf4 c5 18. Nd5 Qb7 19. Nf3 a4 20. g4 Rad8 21. Qe4 e6
22. Nc3 Nd4 23. Nxd4 cxd4 24. Qxb7 Bxb7 25. Bg5 dxc3 0-1

[Event "exe Slovakia Open 2025"]
[Site "Bratislava SVK"]
[Date "2025.09.21"]
[Round "9.4"]
[White "Heberla, Bartlomiej"]
[Black "Sydoryka, Vladyslav"]
[Result "1-0"]
[WhiteTitle "GM"]
[BlackTitle "FM"]
[WhiteElo "2502"]
[BlackElo "2246"]
[WhiteFideId "1115120"]
[BlackFideId "14145928"]
[EventDate "2025.09.13"]

1. Nf3 Nf6 2. c4 e6 3. e3 c5 4. Nc3 Nc6 5. d4 cxd4 6. exd4 d5 7. a3 Be7 8. c5
O-O 9. Bd3 Nd7 10. O-O Bf6 11. Bb5 a6 12. Ba4 Qc7 13. b4 b6 14. g3 Bb7 15. Bf4
Qd8 16. Rb1 Rc8 17. Re1 Ba8 18. Bd6 Re8 19. Qd3 bxc5 20. bxc5 Qa5 21. Qd2 e5 22.
Re3 Red8 23. Bxc6 exd4 24. Nxd4 Bxd4 25. Qxd4 Bxc6 26. Nxd5 Bxd5 27. Qxd5 Nf6
28. Qb3 Re8 29. Qb4 Qd8 30. Rxe8+ Qxe8 31. Qb7 h5 32. Qxa6 Kh7 33. Qd3+ g6 34.
Qf3 Ne4 35. Rb7 Ng5 36. Qd5 Kg8 37. Kg2 Qe1 38. Re7 Ne6 39. Qb7 Rf8 40. Rxe6 1-0

[Event "exe Slovakia Open 2025"]
[Site "Bratislava SVK"]
[Date "2025.09.21"]
[Round "9.5"]
[White "Gubin, Dmitrii"]
[Black "Sahidi, Samir"]
[Result "0-1"]
[BlackTitle "IM"]
[WhiteElo "2219"]
[BlackElo "2469"]
[WhiteFideId "13911848"]
[BlackFideId "14936372"]
[EventDate "2025.09.13"]

1. c4 e5 2. g3 Nc6 3. Bg2 Bc5 4. Nc3 a6 5. e3 Ba7 6. Nge2 d6 7. O-O Nf6 8. d4
O-O 9. h3 Re8 10. b3 Bf5 11. a3 Qc8 12. Kh2 exd4 13. exd4 Bg6 14. Be3 Ne7 15.
Bg5 Nd7 16. g4 f6 17. Bh4 Bf7 18. f4 f5 19. g5 c6 20. Qd3 b5 21. Bf2 bxc4 22.
bxc4 Nb6 23. d5 cxd5 24. cxd5 Qc4 25. Qxc4 Nxc4 26. Nd4 Rac8 27. Rad1 Nb2 28.
Rd2 Rxc3 29. Rxb2 Bxd4 30. Bxd4 Rd3 31. Bg1 Nxd5 32. Rb7 Rd2 33. Kg3 Ne3 34.
Bxe3 Rxe3+ 35. Bf3 Bd5 0-1

[Event "exe Slovakia Open 2025"]
[Site "Bratislava SVK"]
[Date "2025.09.21"]
[Round "9.6"]
[White "Hrbek, Stepan"]
[Black "Snehal, Bhosale"]
[Result "1-0"]
[WhiteTitle "IM"]
[BlackTitle "CM"]
[WhiteElo "2446"]
[BlackElo "2270"]
[WhiteFideId "393479"]
[BlackFideId "5021995"]
[EventDate "2025.09.13"]

1. d4 Nf6 2. c4 d6 3. Nc3 Nbd7 4. Nf3 g6 5. g3 Bg7 6. Bg2 O-O 7. O-O e5 8. h3
Re8 9. e4 exd4 10. Nxd4 a6 11. Be3 Rb8 12. a4 Ne5 13. b3 Nc6 14. Nde2 Nd7 15.
Rb1 a5 16. Qd2 Nc5 17. f4 Nb4 18. g4 f5 19. exf5 gxf5 20. g5 Qe7 21. Bd4 Bd7 22.
h4 Bxd4+ 23. Nxd4 Qe3+ 24. Qxe3 Rxe3 25. Ncb5 Nc6 26. Nc2 Rxb3 27. Rxb3 Nxb3 28.
Nxc7 Ne7 29. Nb5 Bxb5 30. cxb5 d5 31. Ne3 Rd8 32. Rd1 d4 33. Bxb7 Nc5 34. Bd5+
Rxd5 35. Nxd5 Nxd5 36. Rxd4 Nb6 37. h5 Ncxa4 38. Rd8+ Kf7 39. h6 Nc3 40. Rh8 Kg6
41. Rg8+ Kh5 42. Rg7 a4 43. Rxh7 a3 44. Ra7 Ne2+ 45. Kh2 Nxf4 46. h7 Ng6 47.
Rxa3 Nh8 48. Ra6 1-0

[Event "exe Slovakia Open 2025"]
[Site "Bratislava SVK"]
[Date "2025.09.21"]
[Round "9.7"]
[White "Brnusak, Tomas"]
[Black "Beliavsky, Alexander G"]
[Result "0-1"]
[BlackTitle "GM"]
[WhiteElo "2245"]
[BlackElo "2453"]
[WhiteFideId "14939878"]
[BlackFideId "14602377"]
[EventDate "2025.09.13"]

1. e4 e5 2. Nf3 Nc6 3. Nc3 Nf6 4. g3 Bc5 5. Bg2 d6 6. d3 a6 7. O-O Be6 8. Be3
Bxe3 9. fxe3 O-O 10. Nh4 Nb8 11. h3 Nbd7 12. Qe1 c6 13. Nf5 d5 14. g4 dxe4 15.
Nxe4 Nxe4 16. Bxe4 g6 17. Ng3 Qh4 18. Bg2 f5 19. Nxf5 Qxe1 20. Ne7+ Kg7 21.
Raxe1 Rfe8 22. Nxc6 bxc6 23. Bxc6 Rac8 24. Bxd7 Bxd7 25. Rf2 e4 26. Ref1 Re7 27.
d4 h5 28. Rg2 hxg4 29. hxg4 g5 30. Rc1 Be6 31. Rd1 Rf7 32. Rdd2 Rcf8 33. Rd1 Rf3
34. Re1 Rh8 35. c4 Bxc4 36. Rc2 Rg3+ 0-1

[Event "exe Slovakia Open 2025"]
[Site "Bratislava SVK"]
[Date "2025.09.21"]
[Round "9.8"]
[White "Yaniv, Yuval"]
[Black "Levytskyi, Liubomyr"]
[Result "1-0"]
[WhiteTitle "IM"]
[WhiteElo "2410"]
[BlackElo "1854"]
[WhiteFideId "2823900"]
[BlackFideId "34132155"]
[EventDate "2025.09.13"]

1. e4 c5 2. Nc3 d6 3. d4 cxd4 4. Qxd4 Nc6 5. Qd2 g6 6. b3 Bh6 7. f4 e5 8. Nb5
Bxf4 9. Qxd6 Qxd6 10. Nxd6+ Kf8 11. Bxf4 exf4 12. Ne2 Ke7 13. O-O-O Bg4 14. h3
Rd8 15. Nxb7 Rxd1+ 16. Kxd1 Bxe2+ 17. Bxe2 Nf6 18. Nc5 Rc8 19. Ba6 Rc7 20. Nd3
Nd4 21. Bc4 Nxe4 22. Re1 f5 23. Nf2 Kd6 24. Nxe4+ fxe4 25. Rxe4 Nf5 26. Rxf4 Ke5
27. Rf3 Nd4 28. Rf7 Rxf7 29. Bxf7 Kf4 30. Kd2 g5 31. c4 Kg3 32. Bd5 1-0

[Event "exe Slovakia Open 2025"]
[Site "Bratislava SVK"]
[Date "2025.09.21"]
[Round "9.9"]
[White "Schwarz, Dusan"]
[Black "Jablonicky, Martin"]
[Result "0-1"]
[BlackTitle "IM"]
[WhiteElo "2270"]
[BlackElo "2363"]
[WhiteFideId "14903890"]
[BlackFideId "14925621"]
[EventDate "2025.09.13"]

1. d4 d5 2. Nf3 Nf6 3. c4 e6 4. Bg5 h6 5. Bh4 dxc4 6. Qa4+ c6 7. Qxc4 b5 8. Qb3
Bb7 9. Nc3 Nbd7 10. e3 Be7 11. Be2 O-O 12. O-O a6 13. Rfd1 Qa5 14. a4 b4 15. Ne4
c5 16. Bxf6 Nxf6 17. Nxc5 Bxc5 18. dxc5 Qxc5 19. a5 Rac8 20. Rd4 Rb8 21. Qxb4
Qxb4 22. Rxb4 Bxf3 23. Rxb8 Bxe2 24. Rxf8+ Kxf8 25. Rc1 Nd5 26. e4 Nb4 27. f4
Bb5 28. g3 Nc6 29. Ra1 Bd3 30. e5 g5 31. Kf2 Kg7 32. Ke3 Bb5 33. Ke4 Kg6 34.
fxg5 hxg5 35. Ra3 Bc4 36. Ra1 Bd5+ 37. Ke3 Nxe5 38. Kd4 Nd7 39. Rc1 f5 40. Rc8
f4 41. gxf4 gxf4 42. b4 Kf5 43. b5 axb5 44. Rd8 Bc6 45. a6 e5+ 46. Kc3 Nb6 47.
Kb4 Na8 48. Kc5 Bh1 49. Kd6 e4 50. Rxa8 e3 51. a7 Bxa8 0-1

[Event "exe Slovakia Open 2025"]
[Site "Bratislava SVK"]
[Date "2025.09.21"]
[Round "9.10"]
[White "Lahav, Michal"]
[Black "Koelber, Daniel"]
[Result "1/2-1/2"]
[WhiteTitle "WIM"]
[WhiteElo "2152"]
[BlackElo "2270"]
[WhiteFideId "2813742"]
[BlackFideId "1643380"]
[EventDate "2025.09.13"]

1. e4 c5 2. c3 Nf6 3. e5 Nd5 4. Nf3 d6 5. exd6 e6 6. d4 cxd4 7. Nxd4 Bxd6 8. g3
Nc6 9. Bg2 Nxd4 10. Qxd4 O-O 11. O-O Qc7 12. c4 Be5 13. Qe4 Nf6 14. Qe2 Rd8 15.
Nd2 Bd7 16. Nf3 Bd6 17. Bg5 Bc6 18. Bxf6 gxf6 19. Rfd1 1/2-1/2

[Event "exe Slovakia Open 2025"]
[Site "Bratislava SVK"]
[Date "2025.09.21"]
[Round "9.11"]
[White "Bujukliev, Nikola"]
[Black "Pacher, Milan"]
[Result "0-1"]
[BlackTitle "GM"]
[WhiteElo "2130"]
[BlackElo "2392"]
[WhiteFideId "15000907"]
[BlackFideId "14907445"]
[EventDate "2025.09.13"]

1. Nf3 Nf6 2. c4 e6 3. b3 d5 4. Bb2 Bd6 5. d3 O-O 6. g3 c5 7. e3 Nc6 8. Bg2 d4
9. exd4 cxd4 10. O-O e5 11. Re1 Re8 12. a3 a5 13. Nbd2 Bf5 14. Qc2 h6 15. Nh4
Bh7 16. c5 Bf8 17. Qc4 Rc8 18. b4 axb4 19. axb4 b6 20. Qb5 Nd5 21. Ne4 Ncxb4 22.
cxb6 Qxb6 23. Qxb6 Nxb6 24. Bh3 Nxd3 25. Bxc8 Rxc8 26. f3 Nxb2 27. Reb1 N6c4 28.
Ra2 d3 29. Nf2 d2 30. Rbxb2 Nxb2 31. Rxb2 Rc2 32. Rb8 g5 33. Rd8 gxh4 34. Kf1
hxg3 35. hxg3 Kg7 36. Ng4 Rc1+ 37. Ke2 Re1+ 38. Kxd2 Bb4# 0-1

[Event "exe Slovakia Open 2025"]
[Site "Bratislava SVK"]
[Date "2025.09.21"]
[Round "9.13"]
[White "Dovgaliuk, Oleksandr"]
[Black "Holly, Andrej"]
[Result "1-0"]
[WhiteTitle "FM"]
[WhiteElo "2316"]
[BlackElo "2199"]
[WhiteFideId "14167247"]
[BlackFideId "14947781"]
[EventDate "2025.09.13"]

1. e4 c5 2. Nf3 g6 3. d4 cxd4 4. Nxd4 Nc6 5. Be3 Nf6 6. Nc3 Bg7 7. Nxc6 bxc6 8.
e5 Ng8 9. Bd4 Nh6 10. e6 O-O 11. Bxg7 Kxg7 12. Qd4+ Kg8 13. exd7 Qxd7 14. Qxd7
Bxd7 15. O-O-O Be6 16. Be2 Rab8 17. Bf3 Ng4 18. Bxg4 Bxg4 19. Rd4 Be6 20. Ra4
Rb7 21. Re1 c5 22. Re5 c4 23. Rea5 Rfb8 24. Rxa7 Rxb2 25. Ra8 Kf8 26. R4a7 Ke8
27. a4 Bf5 28. Nd5 Bd7 29. Rxb8+ Rxb8 30. f3 Bc6 31. Nxe7 Bxa4 32. Nd5 Bc6 33.
Nf6+ Kf8 34. Rc7 Rb6 35. Nxh7+ Kg7 36. Ng5 Bd5 37. Kd2 Kf6 38. h4 Rd6 39. Ke3
Rd8 40. Ne4+ Kg7 41. Nd2 Rh8 42. g3 Re8+ 43. Kf2 Ra8 44. Nxc4 Ra2 45. Nd2 Kf6
46. Ke3 Ke5 47. Ne4 Ra3+ 48. Rc3 Ra1 49. Rc5 Ke6 50. c4 Ra3+ 51. Kf4 Ba8 52.
Re5+ Kd7 53. g4 Ra1 54. h5 gxh5 55. Nf6+ Kd6 56. c5+ Kc6 57. gxh5 1-0

[Event "exe Slovakia Open 2025"]
[Site "Bratislava SVK"]
[Date "2025.09.21"]
[Round "9.14"]
[White "Elias, David"]
[Black "Shtemler, Lavi"]
[Result "1/2-1/2"]
[WhiteTitle "FM"]
[WhiteElo "2329"]
[BlackElo "2185"]
[WhiteFideId "14960141"]
[BlackFideId "2812061"]
[EventDate "2025.09.13"]

1. c4 e6 2. Nc3 d5 3. d4 Bb4 4. cxd5 exd5 5. Bf4 c6 6. e3 Nf6 7. Bd3 O-O 8. Qc2
Re8 9. Ne2 c5 10. dxc5 Nc6 11. O-O Bxc5 12. a3 Bd6 13. Rfd1 Be6 14. Rd2 a6 15.
Rad1 Ne5 16. e4 d4 17. Nxd4 Qb8 18. Bg3 Nh5 19. Be2 Nxg3 20. hxg3 Bf8 21. Nd5
Bxd5 22. exd5 g6 23. Qa4 Qd6 24. Nc2 Rac8 25. Ne3 Bh6 26. Qh4 Bxe3 27. fxe3 b5
28. Qf4 Rc7 29. a4 b4 30. Rf1 Kg7 31. g4 h6 32. Rd4 Rc2 33. Bd1 Rxb2 34. a5 Ra2
35. Rxb4 Qxd5 36. Bf3 Nxf3+ 37. Rxf3 Rxa5 38. Qf6+ Kg8 39. Rbf4 Rf8 40. Qe7 Ra1+
41. Kh2 Ra5 42. Rf6 Qe5+ 43. Qxe5 1/2-1/2

[Event "exe Slovakia Open 2025"]
[Site "Bratislava SVK"]
[Date "2025.09.21"]
[Round "9.15"]
[White "Schroeder, Lennart"]
[Black "Nawalaniec, Adam"]
[Result "1-0"]
[BlackTitle "FM"]
[WhiteElo "2126"]
[BlackElo "2302"]
[WhiteFideId "16222490"]
[BlackFideId "21023786"]
[EventDate "2025.09.13"]

1. d4 Nf6 2. c4 e6 3. g3 Bb4+ 4. Bd2 Be7 5. Bg2 d5 6. Nf3 O-O 7. O-O c6 8. Qc2
b6 9. Bf4 dxc4 10. Qxc4 Ba6 11. Qc2 Nd5 12. Rd1 Nd7 13. Nc3 N7f6 14. Ne5 Rc8 15.
Qa4 Nxc3 16. bxc3 Bxe2 17. Rd2 Bb5 18. Qxa7 Nd5 19. c4 Rc7 20. Nxf7 Rxa7 21.
Nxd8 Nxf4 22. cxb5 Bxd8 23. gxf4 cxb5 24. Re1 Rxf4 25. Rxe6 Re7 26. d5 Rc7 27.
Re1 Rd7 28. d6 Rf6 29. Red1 Rg6 30. f4 Rg4 31. Kh1 Rxf4 32. Bc6 Ra7 33. Re1 Bg5
34. d7 Kf7 35. d8=Q Bxd8 36. Rxd8 Kg6 37. Re2 b4 38. Bd5 Ra5 39. Rd6+ Kh5 40.
Bb3 Rg5 41. Re1 Kh4 42. Rg1 Rxg1+ 43. Kxg1 b5 44. Kg2 Re4 45. Kf3 1-0

[Event "exe Slovakia Open 2025"]
[Site "Bratislava SVK"]
[Date "2025.09.21"]
[Round "9.16"]
[White "Stevik, Patrik"]
[Black "Andre, Tomas"]
[Result "1-0"]
[WhiteTitle "FM"]
[BlackTitle "CM"]
[WhiteElo "2314"]
[BlackElo "2111"]
[WhiteFideId "14944812"]
[BlackFideId "14975793"]
[EventDate "2025.09.13"]

1. Nf3 Nf6 2. c4 e6 3. g3 b6 4. Bg2 Bb7 5. O-O c5 6. b3 Be7 7. Bb2 O-O 8. d4
cxd4 9. Qxd4 Nc6 10. Qf4 d6 11. Nc3 e5 12. Qd2 Qd7 13. Rfd1 Rad8 14. Rac1 Rfe8
15. e4 Nb8 16. Ne1 Qg4 17. f3 Qg6 18. Nc2 h5 19. Ne3 h4 20. Qf2 Bc8 21. Nb5 Nh5
22. Nc7 hxg3 23. hxg3 Nxg3 24. Nxe8 Rxe8 25. Bc3 Nh5 26. Nd5 Bg5 27. Bd2 Bf4 28.
Bxf4 exf4 29. Qh4 Nc6 30. Nxf4 Nxf4 31. Qxf4 Re5 32. Rd5 Nb4 33. Rxe5 dxe5 34.
Qh4 Qd6 35. Bf1 Nxa2 36. Rc2 Nb4 37. Rh2 Qc5+ 38. Kh1 f6 39. Qh8+ Kf7 40. Rh7 1-0

[Event "exe Slovakia Open 2025"]
[Site "Bratislava SVK"]
[Date "2025.09.21"]
[Round "9.17"]
[White "Sekova, Olivia"]
[Black "Vasynda, Oleksandr"]
[Result "1/2-1/2"]
[BlackTitle "FM"]
[WhiteElo "2102"]
[BlackElo "2209"]
[WhiteFideId "14959690"]
[BlackFideId "14176297"]
[EventDate "2025.09.13"]

1. e4 c5 2. Nf3 Nc6 3. Nc3 g6 4. d4 cxd4 5. Nxd4 Bg7 6. Nxc6 bxc6 7. Bc4 d6 8.
O-O Nf6 9. e5 dxe5 10. Qxd8+ Kxd8 11. Re1 e6 12. Bd2 Nd5 13. Na4 f6 14. Ba5+ Ke8
15. Bb3 Rb8 16. c4 Nb6 17. Nc5 Bf8 18. Ne4 Be7 19. Rad1 Ba6 20. Nd6+ Kf8 21. f4
c5 22. fxe5 f5 23. Re3 Kg7 24. Red3 Rhd8 25. Bxb6 axb6 26. Nb5 Bb7 27. Rd7 Kf8
28. Nc7 Rxd7 29. Rxd7 Bc8 30. Rd3 Rb7 31. Nb5 Rd7 32. Nd6 Bxd6 33. exd6 Rd8 34.
Bd1 e5 35. Ba4 Bd7 36. Bxd7 Rxd7 37. Rd5 e4 38. a4 Kf7 39. a5 bxa5 40. Rxc5 Rxd6
41. Rxa5 Rb6 42. b3 Rxb3 43. Ra7+ Kf6 44. Rxh7 Rc3 45. Rc7 Ke5 46. Rg7 Kf6 47.
Rc7 Ke5 48. Rg7 Rc1+ 49. Kf2 Rc2+ 50. Kf1 Kd4 51. Rxg6 Ke3 52. Rg3+ Kd2 53. Ra3
Rc1+ 54. Kf2 f4 55. Ra2+ Kd1 56. Re2 Rxc4 57. h4 e3+ 58. Kf3 Rd4 59. Ra2 Ke1 1/2-1/2

[Event "exe Slovakia Open 2025"]
[Site "Bratislava SVK"]
[Date "2025.09.21"]
[Round "9.18"]
[White "Kubik, Rafal"]
[Black "Akdogan, Alperen"]
[Result "0-1"]
[WhiteTitle "CM"]
[BlackTitle "FM"]
[WhiteElo "2192"]
[BlackElo "2113"]
[WhiteFideId "21022852"]
[BlackFideId "6347363"]
[EventDate "2025.09.13"]

1. e4 c6 2. d4 d5 3. e5 Bf5 4. Nf3 e6 5. Be2 Nd7 6. O-O a5 7. a4 f6 8. c4 fxe5
9. dxe5 Bc5 10. Nbd2 Ne7 11. Nb3 O-O 12. Nxc5 Nxc5 13. Be3 b6 14. Rc1 Rc8 15.
Nd4 h6 16. cxd5 cxd5 17. g4 Bg6 18. Rxc5 bxc5 19. Nxe6 Qb6 20. Nxf8 Rxf8 21. Bd3
d4 22. Bc1 Bxd3 23. Qxd3 Qe6 24. Qg3 Nc6 25. f4 Rd8 26. Bd2 Qa2 27. g5 hxg5 28.
f5 Qd5 29. Bxg5 Rf8 30. Re1 d3 31. Bh6 Rf7 32. e6 Re7 33. Bg5 Qd4+ 34. Qe3 d2
35. Rd1 Qg4+ 36. Kf2 Qxd1 0-1

[Event "exe Slovakia Open 2025"]
[Site "Bratislava SVK"]
[Date "2025.09.21"]
[Round "9.19"]
[White "Selbes, Tamer Tarik"]
[Black "Gay, Lukas"]
[Result "1-0"]
[WhiteTitle "FM"]
[WhiteElo "2209"]
[BlackElo "2093"]
[WhiteFideId "6302513"]
[BlackFideId "14966433"]
[EventDate "2025.09.13"]

1. e4 d5 2. exd5 Qxd5 3. Nc3 Qa5 4. d4 Nf6 5. Nf3 Bf5 6. Ne5 c6 7. Bc4 e6 8. g4
Bg6 9. h4 Bb4 10. Bd2 Nbd7 11. Nxd7 Kxd7 12. h5 Be4 13. O-O Bxc3 14. bxc3 h6 15.
f3 Bh7 16. Rb1 Qc7 17. Kg2 Rad8 18. Qc1 Nd5 19. Be2 Kc8 20. c4 Ne7 21. Bf4 Qa5
22. Qe3 Rd7 23. Rb3 a6 24. Rfb1 Bxc2 25. Ra3 Qxa3 26. Qxa3 Bxb1 27. Qb2 Bh7 28.
d5 Rg8 29. d6 Nf5 30. gxf5 Bxf5 31. Qb6 1-0

[Event "exe Slovakia Open 2025"]
[Site "Bratislava SVK"]
[Date "2025.09.21"]
[Round "9.20"]
[White "Maciejewski, Kamil"]
[Black "Nadzamova, Viktoria"]
[Result "1-0"]
[BlackTitle "WFM"]
[WhiteElo "2018"]
[BlackElo "2129"]
[WhiteFideId "21805768"]
[BlackFideId "14943999"]
[EventDate "2025.09.13"]

1. g3 e5 2. c4 Nc6 3. Bg2 d6 4. Nc3 Be7 5. d3 h5 6. h4 Nd4 7. e3 Ne6 8. Nd5 Bf8
9. Nh3 Nf6 10. d4 c6 11. Nxf6+ Qxf6 12. d5 Nd8 13. Ng5 Qg6 14. Be4 Bf5 15. Qc2
Bxe4 16. Qxe4 f5 17. Qd3 e4 18. Qb3 Be7 19. Nh3 Qf7 20. Bd2 Rc8 21. Nf4 b6 22.
a4 O-O 23. a5 Rb8 24. axb6 Rxb6 25. Qc2 Bf6 26. Bc3 Qb7 27. O-O Bxc3 28. Qxc3
Rxb2 29. Rxa7 Qxa7 30. Qxb2 Qf7 31. Rd1 c5 32. Ra1 Re8 33. Ra6 Qe7 34. Nxh5 Kh7
35. Rxd6 Rg8 36. Rb6 Qd7 37. Qe5 Nf7 38. Qe6 Qa7 39. Ra6 Qb7 40. Qg6+ Kh8 41.
Nf4 Rb8 42. Ra1 Nh6 43. Ne6 Qb2 44. Ra7 Ng4 45. Qh5+ Nh6 46. Rxg7 1-0